| 000 | 00570cam a2200157 a 4500 | ||
|---|---|---|---|
| 020 | _a1560324139 (case : alk. paper) | ||
| 020 | _a1560324147 (pbk. : alk. paper) | ||
| 050 | 0 | 0 |
_aRA 564.8 _b.O27 1998 |
| 100 | 1 | _aO'Brien Cousins, Sandra. | |
| 245 | 1 | 0 |
_aExercise, aging, and health : _bovercoming barriers to an active old age / _cby Sandra O'Brien Cousins. |
| 260 |
_aWashington, DC : _bTaylor & Francis, _cc1998. |
||
| 300 | _axx, 261 p. : | ||
| 650 | 0 | _xHealth and hygiene. | |
| 856 | 4 | 2 | _uhttp://www.loc.gov/catdir/enhancements/fy0653/97037825-d.html |
| 942 |
_2lcc _cGEN |
||
| 999 |
_c7695 _d7695 |
||